000 00913nam a22002657a 4500
001 00260
003 DO-SdBNP
005 20180130101840.0
008 151126b 1996 dr xxu||||| |||| 00| 0 spa d
040 _aBPMSU
_bspa
_cBPMSU
092 _axxxxx
_bxxxxx
100 1 _aArboleda de Roa, Lucero
245 1 0 _aLa búsqueda bibliográfica /
_c Lucero Arboleda de Roa, Manuel de Jesús Roa Santana, Nelly C. Piña.
260 _aLa Paz, Bolivia :
_bOrganización Panamericana de la Salud,
_c1996.
300 _a60 p. :
_bil.
_c30 cm.
490 1 _a introducción a la metodología de la investigación
_v2
504 _aBibliografía : p. 59-60
700 1 2 _aPiña, Nelly C.
700 1 2 _aRoa Santana, Manuel de Jesús
830 0 _a introducción a la metodología de la investigación ;
_n2
910 _a00260
942 _2ddc
_cBK
945 _aInventariado, 2018 / BT
956 _aLorenza Pérez
_b10
999 _c8924
_d8924